Central Library OPAC University of Rajshahi

Bombay in the days of George IV : (Record no. 26123)

MARC details
000 -LEADER
fixed length control field 01196cam a22003131 4500
001 - CONTROL NUMBER
control field 26123
003 - CONTROL NUMBER IDENTIFIER
rucl marc code BD-RjUL
005 - DATE AND TIME OF LATEST TRANSACTION
control field 20211209050956.0
008 - FIXED-LENGTH DATA ELEMENTS--GENERAL INFORMATION
fixed length control field 140320s19351907xx 001 0 eng
035 ## - SYSTEM CONTROL NUMBER
System control number (BD-RjUL)26193
System control number (OCoLC)4819278
040 ## - CATALOGING SOURCE
Original cataloging agency DLC
Transcribing agency OCl
Modifying agency DLC
Language of cataloging eng
041 ## - LANGUAGE CODE
Language code of text/sound track or separate title eng
082 ## - DEWEY DECIMAL CLASSIFICATION NUMBER
Classification number 954.7
Author mark and year DRB 1935
100 1# - MAIN ENTRY--PERSONAL NAME
Personal name Drewitt, F. Dawtrey
Fuller form of name (Frederic Dawtrey),
Dates associated with a name 1848-
9 (RLIN) 80283
245 10 - TITLE STATEMENT
Title Bombay in the days of George IV :
Remainder of title memoirs of Sir Edward West, chief justice of the King's court during its conflict with the East India company, with hitherto unpublished documents /
Statement of responsibility, etc. F. Dawtrey Drewitt.
250 ## - EDITION STATEMENT
Edition statement 2d ed., rev. and enl.
260 ## - PUBLICATION, DISTRIBUTION, ETC. (IMPRINT)
Place of publication, distribution, etc. London :
-- New York :
Name of publisher, distributor, etc. Longmans, Green and co.,
Date of publication, distribution, etc. 1935
300 ## - PHYSICAL DESCRIPTION
Pagination xviii, 342 p. :
Illustrations front. (port.) 3 pl., 3 double facsim. ;
Size 23 cm.
504 ## - BIBLIOGRAPHY, ETC. NOTE
Bibliography, etc Includes index
600 10 - SUBJECT ADDED ENTRY--PERSONAL NAME
Personal name West, Edward,
Titles and other words associated with a name Sir,
Dates associated with a name 1782-1828.
610 20 - SUBJECT ADDED ENTRY--CORPORATE NAME
Corporate name or jurisdiction name as entry element East India Company
650 #0 - SUBJECT ADDED ENTRY--TOPICAL TERM
Topical term or geographic name as entry element Justice, Administration of
Geographic subdivision India.
9 (RLIN) 80285
651 #0 - SUBJECT ADDED ENTRY--GEOGRAPHIC NAME
Geographic name India
General subdivision History
Chronological subdivision British occupation, 1765-1947
Form subdivision Biography.
9 (RLIN) 80286
Geographic name Mumbai (India)
9 (RLIN) 51333
942 ## - ADDED ENTRY ELEMENTS (KOHA)
Source of classification or shelving scheme Dewey Decimal Classification
Koha item type Books
Holdings
Lost status Source of classification or shelving scheme Damaged status Not for loan Collection code Permanent Location Current Location Shelving location Date acquired Total Checkouts Full call number Date last seen Copy number Koha item type
  Dewey Decimal Classification   Added to bundle Non-fiction Central Library, University of Rajshahi Central Library, University of Rajshahi Reading Room 20/03/2014   954.7 DRB 1935 20/03/2014 C-1 Books